| 000 | 00680nam a2200229 i 4500 | ||
|---|---|---|---|
| 001 | 17602 | ||
| 003 | ES-MaACL | ||
| 005 | 20250824222026.0 | ||
| 007 | t| | ||
| 008 | 010406s2000 sp ||||1| spa d | ||
| 020 | _a84-7844-510-2 | ||
| 080 | _a821.134.3(81)-31"19" | ||
| 100 | 1 |
_aLispector, Clarice. _972542 |
|
| 245 | 1 | 3 |
_aLa hora de la estrella / _cClarice Lispector ; traducción de Ana Poljak. |
| 260 |
_aMadrid : _bSiruela, _c[2000] |
||
| 300 |
_a81 p. ; _c22 cm. |
||
| 490 | 1 |
_aLibros del tiempo ; _v125 |
|
| 700 | 1 |
_aPoljak, Ana. _992837 |
|
| 830 | 0 | 0 |
_aLibros del tiempo (Siruela) _v125 _9233603 |
| 852 |
_aES-MaACL _jL-24493 _bR.129762 |
||
| 999 |
_c17602 _d17602 |
||